| 000 | 00573nam a2200229Ia 4500 | ||
|---|---|---|---|
| 005 | 20250425161826.0 | ||
| 008 | 250425s9999 xx 000 0 und d | ||
| 020 | _a9978862130 | ||
| 041 | _aspa | ||
| 082 | _a341.02636 | ||
| 245 | 0 | _aINSTITUCIONES FINANCIERAS | |
| 250 | _a13A ED. | ||
| 260 |
_aEcuador _bCORPORACION DE ESTUDIOS Y PUBLICACIONES _c1996 |
||
| 260 | _aS.L. | ||
| 300 | _a145 | ||
| 500 | _aTOMO I ACTUALIZADA A AGOSTO DE 1996 | ||
| 650 | _aCODIGO DE COMERCIO | ||
| 650 | _aDERECHO PUBLICO | ||
| 650 | _aLEYES | ||
| 942 | _c01 | ||
| 010 | _a31217 | ||
| 999 |
_c216879 _d216879 |
||